00786nam a2200217Ia 4500001000700000008004100007035001600048041001000064084001300074110006100087245012700148260006900275300001300344650002100357650001400378650001300392650001900405650001500424710006500439710006400504022483221003m2001 xx 000 0 spa d aCENDO_14691 aspab aCR-00232 aCLARITY.bAcción Educativa sobre el Cambio Climático 0aCambio climático :b exposición sobre cambio climático en cd-rom /c[idea y textos: Sandra Wilcken ...(et al.)] aMadrid :bOrganismo Autónomo de Parques Nacionales,cD.L. 2005 a1 CD-ROM aCAMBIO CLIMATICO aEDUCACION aECOLOGIA 0aMEDIO AMBIENTE aEXPOSICION aESPAÑAbMinisterio de Medio AmbientebSecretaría General aESPAÑAbOrganismo Autónomo de Parques Nacionalesl,eed.